| 000 | 00540nam a2200157 a 4500 | ||
|---|---|---|---|
| 008 | 120416s1975 xx |||||||||||||| || u | ||
| 050 | _aHD 31 How | ||
| 100 | _aHowe, Richard L | ||
| 245 | 1 | 0 | _aStudy guide to accompany Management |
| 246 | _atheory, process, and practice | ||
| 260 | _c1975 | ||
| 350 | _a0.00 | ||
| 650 | 0 | _aMANAGEMENT | |
| 650 | _aMANAGEMENT--STUDY AND TEACHING | ||
| 995 |
_D0.00 _FCBU-MAIN LIBRARY (Kitwe) _H1 _I0.00 _M1 _UAVAILABLE _ZMain Library Open Access Collection |
||
| 999 |
_c58813 _d58813 |
||